Elektronické prvky. 1. díl, přednášky /

Uloženo v:
Podrobná bibliografie
Hlavní autoři: Donocík, Rudolf (Autor), Hudec, Lubomír, 1935- (Autor)
Médium: Kniha
Jazyk:čeština
Vydáno: Praha : České vysoké učení technické v Praze, 1975
Edice:rz1
On-line přístup: Získat plný text
Tagy: Přidat tag
Žádné tagy, Buďte první, kdo vytvoří štítek k tomuto záznamu!

MARC

LEADER 00000cam a2200000 4500
003 SK-BrCVT
005 20220618081700.0
008 090827s1975 cs e ||||||cze d
035 |a CVTIDWR006732 
040 |a    |b slo  |c    |d   
041 0 |a cze 
044 |a cs 
100 |a Donocík, Rudolf  |4 aut 
245 1 0 |a Elektronické prvky.  |n 1. díl,  |p přednášky /  |c Rudolf Donocík, Lubomír Hudec 
260 3 |a Praha :  |b České vysoké učení technické v Praze,  |c 1975 
300 |a 241 s. 
700 |a Hudec, Lubomír,  |d 1935-  |4 aut 
830 |a rz1 
974 |f Knihy 
999 |c 197602  |d 197602